000
00296nam a22001217a 4500
020
_a
9781605666853
082
_a
572.865
100
_a
SANJOY DAS, DOINA CARAGEA
245
_a
COMPUTATIONAL METHODOLOGIES IN GENE REGULATORY NETWORKS
260
_a
USA
_b
IGI GLOBAL
_c
2010
300
_a
710
942
_c
BK
999
_c
23261
_d
23261